| 000 | 00401nam a22001217a 4500 | ||
|---|---|---|---|
| 008 | 230606b xxu||||| |||| 00| 0 eng d | ||
| 082 |
_a338.96762 _bKEN |
||
| 245 |
_aKenya Vision 2030 _cGovernment of the Republic of Kenya _bSector Plan for Nairobi Metropolitan Development 2008-2012 |
||
| 260 |
_aKenya _bGovernment of the Republic of Kenya _c2008 |
||
| 300 | _a30 p | ||
| 500 | _aPictures | ||
| 942 |
_2ddc _cBK |
||
| 999 |
_c516 _d516 |
||